[Event "FRA-ch Blitz Online Qual"]
[Site "Europe Echecs INT"]
[Date "2020.05.16"]
[Round "15"]
[White "Bouget, Alexandre"]
[Black "Delin, Valere"]
[Result "1-0"]
[WhiteElo "2238"]
[BlackElo "2043"]
[PlyCount "61"]
[EventDate "2020.05.16"]
[EventType "swiss (blitz)"]
[EventRounds "15"]
[EventCountry "FRA"]
[SourceTitle "CBM 196 Extra"]
[Source "ChessBase"]
[SourceDate "2020.07.31"]
[SourceVersion "1"]
[SourceVersionDate "2020.07.31"]
[SourceQuality "1"]

1. d4 Nf6 2. c4 g6 3. Nc3 c5 4. d5 Bg7 5. e4 d6 6. f4 e6 7. Nf3 exd5 8. cxd5 0-0 9. Bd3 Nbd7 10. 0-0 Ne8 11. Kh1 Nc7 12. a4 Rb8 13. Be3 Re8 14. Bf2 a6 15. Bh4 Bf6 16. Bxf6 Qxf6 17. e5 dxe5 18. Ne4 Qb6 19. d6 Ne6 20. fxe5 Nd4 21. Nxd4 cxd4 22. Bc4 Nxe5 23. Nf6+ Kf8 24. Qd2 Qxd6 25. Rae1 Re6 26. Qh6+ Ke7 27. Qg5 Rxf6 28. Rxe5+ Kf8 29. Rxf6 Qb4 30. Rxf7+ Kg8 31. Re8+ 1-0

[Event "FRA-ch Blitz Online Qual"]
[Site "Europe Echecs INT"]
[Date "2020.05.16"]
[Round "11"]
[White "Koelsch, Gilbert"]
[Black "Delin, Valere"]
[Result "0-1"]
[WhiteElo "2159"]
[BlackElo "2043"]
[PlyCount "132"]
[EventDate "2020.05.16"]
[EventType "swiss (blitz)"]
[EventRounds "15"]
[EventCountry "FRA"]
[SourceTitle "CBM 196 Extra"]
[Source "ChessBase"]
[SourceDate "2020.07.31"]
[SourceVersion "1"]
[SourceVersionDate "2020.07.31"]
[SourceQuality "1"]

1. e4 c5 2. Nc3 g6 3. f4 Bg7 4. Nf3 e6 5. Bc4 Ne7 6. f5 exf5 7. d3 fxe4 8. dxe4 0-0 9. 0-0 Nbc6 10. Qe1 Nd4 11. Bg5 Qe8 12. Qh4 Nxf3+ 13. Rxf3 Nc6 14. Nd5 Qe5 15. Bf6 Qd6 16. e5 Nxe5 17. Rh3 h5 18. Ne7+ Kh7 19. Bxg7 Kxg7 20. Be2 Qf6 21. Qxf6+ Kxf6 22. Nd5+ Kg7 23. Nc7 Rb8 24. Rd1 b6 25. Re3 Nc6 26. Nb5 Ba6 27. Nd6 Bxe2 28. Rxe2 Nd4 29. Re7 Kf6 30. Rxd7 Rfd8 31. Ne4+ Ke6 32. Rxd8 Rxd8 33. Kf2 Kf5 34. Ng3+ Ke5 35. c3 Ne6 36. Re1+ Kf6 37. Re2 Nf4 38. Rc2 Nd3+ 39. Ke2 Ne5 40. h3 h4 41. Ne4+ Kf5 42. Nf2 Kf4 43. b3 Kg3 44. Kf1 Kf4 45. Ke2 f5 46. Nd1 Kg3 47. Nf2 g5 48. Nd1 Nc6 49. Ne3 Re8 50. Kd2 f4 51. Nd5 Kxg2 52. Kd3+ Kxh3 53. Nf6 Rd8+ 54. Kc4 Ne5+ 55. Kb5 f3 56. Rc1 f2 57. Rf1 Kg2 58. Rxf2+ Kxf2 59. Ne4+ Kg2 60. Nxg5 h3 61. Nxh3 Kxh3 62. a4 Kg4 63. c4 Kf4 64. a5 bxa5 65. Kxa5 Ke4 66. Kb5 Kd4 0-1

[Event "FRA-ch Blitz Online Qual"]
[Site "Europe Echecs INT"]
[Date "2020.05.16"]
[Round "4"]
[White "Vlachos, Anatole"]
[Black "Delin, Valere"]
[Result "1-0"]
[WhiteElo "2401"]
[BlackElo "2043"]
[PlyCount "97"]
[EventDate "2020.05.16"]
[EventType "swiss (blitz)"]
[EventRounds "15"]
[EventCountry "FRA"]
[SourceTitle "CBM 196 Extra"]
[Source "ChessBase"]
[SourceDate "2020.07.31"]
[SourceVersion "1"]
[SourceVersionDate "2020.07.31"]
[SourceQuality "1"]

1. f4 e5 2. fxe5 d6 3. exd6 Bxd6 4. Nf3 Nc6 5. c3 g5 6. g3 Bd7 7. d4 g4 8. Nh4 Qe7 9. Bg2 f5 10. 0-0 0-0-0 11. Nxf5 Bxf5 12. Rxf5 h5 13. e4 h4 14. Bg5 Qh7 15. Bxh4 Be7 16. Rf1 Bxh4 17. Qxg4+ Kb8 18. Qxh4 Qg7 19. Qf4 Nh6 20. Na3 Ng4 21. h3 Nxd4 22. Qxg4 Qe5 23. cxd4 Qxd4+ 24. Kh2 Rdg8 25. Qf3 Qxb2 26. Kg1 a6 27. Qf2 Qe5 28. Rae1 Rxg3 29. Re3 Rg7 30. Kh1 Rhg8 31. Rg1 Qe6 32. Nc2 Rf7 33. Qe2 Rgf8 34. Ne1 Rf2 35. Qg4 Qxg4 36. hxg4 Rh8+ 37. Rh3 Rg8 38. Rh4 Rxa2 39. Rf1 b5 40. Nd3 Rd2 41. Nc5 Ka7 42. e5 Kb6 43. Ne4 Re2 44. e6 b4 45. e7 Re8 46. Rh7 b3 47. Nc3 R2xe7 48. Rxe7 Rxe7 49. Nd5+ 1-0